Spisovatelia na Slovesnej jari '73

Bibliographic Details
Format: Article
Language:Slovak
Subjects:

MARC

LEADER 00000nab a2200000 a 4500
001 vtls010096531
003 SK-MaSNL
005 20260426055505.0
008 131021c1973 xo |r|p|||||||000 b|slo
015 |a SNBRB1973 
038 |a SNKBUCL 
040 |a SNKBUCL  |b slo  |c SNKBUCL  |e AACR2 
041 |a slo 
044 |a xo  |c SK 
080 |a 82:061.7  |2 1997 
245 0 0 |a Spisovatelia na Slovesnej jari '73 
611 2 7 |a Slovesná jar  |d (1973 :  |c Martin, Slovensko)  |2 snkbucl  |9 1236052 
651 7 |a Martin (Slovensko)  |2 snkbucl  |9 16875 
773 0 |t Slovenské pohľady  |g Roč. 89, č. 7 (1973), s. 157-158 
852 |a SNK  |b KIS3GCP 
958 |a SK 
958 |a LX 
999 |c 2185813  |d 2187743